| 000 | 00462nam a22001457a 4500 | ||
|---|---|---|---|
| 005 | 20180530173641.0 | ||
| 020 |
_a8173413274 _c495.00 |
||
| 035 | _aB-120313, B-120315 | ||
| 037 |
_aDPL _bENG |
||
| 100 | _aBhatnagar, Rajendra Mohan | ||
| 245 |
_aRape : _bA social and sexual tragedy / _cby Rajendra Mohan Bhatnagar |
||
| 260 |
_aDelhi _bIndian Publishers' Distributors _c2004 |
||
| 300 |
_axiii, 271p. _c20 cms. |
||
| 942 |
_2ddc _cEN _h362.883 _mBHA |
||
| 999 |
_c67784 _d67784 |
||